| 000 | 00961cab a2200265 4500 | ||
|---|---|---|---|
| 001 | Z2331 | ||
| 008 | 090401t1992 xxu||||| |||| 00| 0 eng d | ||
| 035 | _a(Sirsi) u46702 | ||
| 041 | _aeng | ||
| 100 | _aBooth, S. | ||
| 245 | _aDeformation monitoring today | ||
| 260 | _c1992 | ||
| 350 | _a0 | ||
| 490 |
_aCivil Engineering Surveyor _v17(9) November 1992, 21-25(5) |
||
| 520 | _aIntroduces the concept of deformation monitoring and looks at three projects where these techniques are being used including monitoring movements of the Kingston Bridge in Glasgow, measuring volcanic movement on Mount Etna and Swedens`s National Road Administration use of a Geodimeter System to monitor movement of a ravine. References. | ||
| 650 | _aCAD | ||
| 650 | _aCO-ORDINATES | ||
| 650 | _aDEFORMATION SURVEYING | ||
| 650 | _aLAND SURVEYING | ||
| 650 | _aMONITORING | ||
| 650 | _aMOVEMENT | ||
| 690 | _aLAND SURVEYING | ||
| 942 | _n0 | ||
| 948 | _c04/03/1997 | ||
| 999 |
_c29524 _d29524 |
||